000 00330nam a22001337a 4500
008 170809b xxu||||| |||| 00| 0 eng d
020 _a0691131047
041 _aeng
080 _a004
100 _a35
101 _aSHK
245 _aLAB MANUAL FOR SECURITY + GUIDE TO NETWORK SECURITY FUNDAMENTALS
_cCRETARO,P
942 _2udc
_cBK
999 _c22930
_d22930